| 000 | 00920nas a2200301 4500 | ||
|---|---|---|---|
| 001 | BR2012007636 | ||
| 003 | BR-BrBNA | ||
| 005 | 20231205121257.0 | ||
| 007 | ta | ||
| 008 | 230509b bl.|||p| |||| 00| 00por d | ||
| 040 |
_aBR-BrBNA _bpor _cBiblioteca Nacional de Agricultura |
||
| 041 | _a(Pt) | ||
| 072 | _aP40 | ||
| 100 | 1 | _aSilva, T.G.F. da | |
| 100 | 1 | _aZolnier, S. | |
| 100 | 1 | _aMoura, M.S.B. de | |
| 100 | 1 | _aSediyama, G.C. | |
| 245 | 1 | _aEstimativa e espacialização da umidade relativa do ar para os estados de Alagoas, Bahia e Sergipe | |
| 650 | _aUMIDADE RELATIVA | ||
| 650 | _aMETEOROLOGIA | ||
| 650 | _aZONEAMENTO CLIMÁTICO | ||
| 650 | _aALAGOAS | ||
| 650 | _aBAHIA | ||
| 650 | _aSERGIPE | ||
| 773 | 0 |
_tRevista Brasileira de Agrometeorologia (Brazil) _xISSN 0104-1347 _g(Jan-Apr 2007), v. 15(1) p. 14-28 _wBR2012007636 |
|
| 909 |
_a202311 _bLúcia _c55 _dLúcia Elande |
||
| 942 |
_2AGRIS _n0 _cANA |
||
| 999 |
_c222701 _d222701 |
||